000 00318nam a22001337a 4500
008 220209b ||||| |||| 00| 0 eng d
020 _a9780834123380
050 _aFLA
_b1
100 _aFlaaten Rosemary
_97538
245 _aA Women and Her Relationships
260 _aUSA
_c2007
300 _a192.P
942 _2ddc
_cBK
999 _c11983
_d11983